<?xml version="1.0" encoding="UTF-8"?>
<collection xmlns="http://www.loc.gov/MARC21/slim">
 <record>
  <leader>02071pam a22002658a 4500</leader>
  <controlfield tag="001">00023933</controlfield>
  <controlfield tag="005">20171026081025.0</controlfield>
  <controlfield tag="008">110706s2002                  ||||||engsd</controlfield>
  <datafield tag="020" ind1="#" ind2="#">
   <subfield code="a">076891079X</subfield>
  </datafield>
  <datafield tag="041" ind1="0" ind2="#">
   <subfield code="a">eng</subfield>
  </datafield>
  <datafield tag="082" ind1="1" ind2="4">
   <subfield code="a">808</subfield>
   <subfield code="b">H400W</subfield>
  </datafield>
  <datafield tag="100" ind1="1" ind2="#">
   <subfield code="a">Dawn sova</subfield>
  </datafield>
  <datafield tag="245" ind1="1" ind2="0">
   <subfield code="a">How to write Articles for newspapers and magazines</subfield>
   <subfield code="b">easy to follow tips and advice from a professional journalist</subfield>
   <subfield code="c">Sova, Dawn</subfield>
  </datafield>
  <datafield tag="250" ind1="#" ind2="#">
   <subfield code="a">2nd ed</subfield>
  </datafield>
  <datafield tag="260" ind1="#" ind2="#">
   <subfield code="a">Boston. MA.</subfield>
   <subfield code="b">Thomson arco</subfield>
   <subfield code="c">2002</subfield>
  </datafield>
  <datafield tag="300" ind1="#" ind2="#">
   <subfield code="a">96 p.</subfield>
   <subfield code="c">23 cm.</subfield>
  </datafield>
  <datafield tag="650" ind1="#" ind2="4">
   <subfield code="a">Báo</subfield>
  </datafield>
  <datafield tag="650" ind1="#" ind2="4">
   <subfield code="a">Phương pháp</subfield>
  </datafield>
  <datafield tag="650" ind1="#" ind2="4">
   <subfield code="a">Tạp chí</subfield>
  </datafield>
  <datafield tag="650" ind1="#" ind2="4">
   <subfield code="a">Viết bài</subfield>
  </datafield>
  <datafield tag="852" ind1="#" ind2="#">
   <subfield code="j">KD.0008176, KD.0008177</subfield>
   <subfield code="b">Kho đọc</subfield>
  </datafield>
  <datafield tag="852" ind1="#" ind2="#">
   <subfield code="j">KD.0008177</subfield>
   <subfield code="j">KM.0008012</subfield>
   <subfield code="j">KM.0008013</subfield>
   <subfield code="j">KM.0008014</subfield>
   <subfield code="j">KM.0008015</subfield>
   <subfield code="j">KM.0008017</subfield>
   <subfield code="j">KM.0008018</subfield>
   <subfield code="j">KM.0008020</subfield>
   <subfield code="j">KM.0008021</subfield>
   <subfield code="j">KM.0008023</subfield>
   <subfield code="j">KM.0008024</subfield>
   <subfield code="j">KM.0008026</subfield>
   <subfield code="j">KM.0008027</subfield>
   <subfield code="j">KM.0008029</subfield>
   <subfield code="j">KM.0008030</subfield>
   <subfield code="j">KM.0008032</subfield>
   <subfield code="j">KM.0008005</subfield>
   <subfield code="j">KM.0008006</subfield>
   <subfield code="j">KM.0008007</subfield>
   <subfield code="j">KM.0008033</subfield>
   <subfield code="j">KM.0008035</subfield>
   <subfield code="j">KM.0008036</subfield>
   <subfield code="j">KM.0008038</subfield>
   <subfield code="j">KM.0008039</subfield>
   <subfield code="j">KM.0008041</subfield>
   <subfield code="j">KM.0008044</subfield>
   <subfield code="j">KM.0008046</subfield>
   <subfield code="j">KM.0008047</subfield>
   <subfield code="j">KM.0008049</subfield>
   <subfield code="j">KM.0008050</subfield>
   <subfield code="j">KM.0008054</subfield>
   <subfield code="j">KM.0008055</subfield>
   <subfield code="j">KM.0008010</subfield>
   <subfield code="j">KM.0008043</subfield>
   <subfield code="j">KM.0008051</subfield>
   <subfield code="j">KM.0008052</subfield>
   <subfield code="j">KD.0008176</subfield>
   <subfield code="j">KM.0008048</subfield>
   <subfield code="j">KM.0008053</subfield>
   <subfield code="j">KM.0008008</subfield>
   <subfield code="j">KM.0008009</subfield>
   <subfield code="j">KM.0008011</subfield>
   <subfield code="j">KM.0008016</subfield>
   <subfield code="j">KM.0008019</subfield>
   <subfield code="j">KM.0008022</subfield>
   <subfield code="j">KM.0008025</subfield>
   <subfield code="j">KM.0008028</subfield>
   <subfield code="j">KM.0008031</subfield>
   <subfield code="j">KM.0008034</subfield>
   <subfield code="j">KM.0008037</subfield>
   <subfield code="j">KM.0008040</subfield>
   <subfield code="j">KM.0008042</subfield>
   <subfield code="j">KM.0008045</subfield>
  </datafield>
  <datafield tag="852" ind1="#" ind2="#">
   <subfield code="j">KM.0008005, KM.0008006, KM.0008007, KM.0008008, KM.0008009, KM.0008010, KM.0008011, KM.0008012, KM.0008013, KM.0008014, KM.0008015, KM.0008016, KM.0008017, KM.0008018, KM.0008019, KM.0008020, KM.0008021, KM.0008022, KM.0008023, KM.0008024, KM.0008025, KM.0008026, KM.0008027, KM.0008028, KM.0008029, KM.0008030, KM.0008031, KM.0008032, KM.0008033, KM.0008034, KM.0008035, KM.0008036, KM.0008037, KM.0008038, KM.0008039, KM.0008040, KM.0008041, KM.0008042, KM.0008043, KM.0008044, KM.0008045, KM.0008046, KM.0008047, KM.0008048, KM.0008049, KM.0008050, KM.0008051, KM.0008052, KM.0008053, KM.0008054, KM.0008055</subfield>
   <subfield code="b">Kho mượn</subfield>
  </datafield>
  <datafield tag="910" ind1="0" ind2="#">
   <subfield code="a">Ntuyet</subfield>
   <subfield code="d">06/07/2011</subfield>
  </datafield>
  <datafield tag="980" ind1="#" ind2="#">
   <subfield code="a">Trung tâm Học liệu Lê Vũ Hùng, Trường Đại học Đồng Tháp</subfield>
  </datafield>
 </record>
</collection>
